| 000 | 00351nam a22001457a 4500 | ||
|---|---|---|---|
| 008 | 250306b |||||||| |||| 00| 0 eng d | ||
| 020 | _a9780133773897 | ||
| 050 |
_aHC106.5 _b.B68 |
||
| 100 | _aBovee Courtt and L. | ||
| 245 | _aBusiness in Action | ||
| 250 | _a7th | ||
| 260 |
_aUnited State _bPearson Education _c2015 |
||
| 300 | _a592p | ||
| 942 | _cBK | ||
| 999 |
_c2125 _d2125 |
||